000 00437nam a2200181Ia 4500
001 2453
005 20260306144808.0
008 260306t2018||||xx |||||||||||||| ||spa||
041 _aESP
082 _a616.89
_bS712M
100 _aSadock, Benjamin James
_eAUT
245 0 _aManual de psiquiatría clínica
260 _c2018
300 _axvi, 1008 páginas :
_c27 cm.
650 _aGEN
654 _aCPS
942 _cLIB
_dJUS
_fJUS
_2ddc
_n
999 _c2453
_d2453